التداوي بالإيحاء الروحي / (رقم التسجيلة. 13375)
[ عرض عادي ]
| 000 -LEADER | |
|---|---|
| fixed length control field | 00711nam a22001697a 4500 |
| 005 - DATE AND TIME OF LATEST TRANSACTION | |
| control field | 20251108164739.0 |
| 008 - FIXED-LENGTH DATA ELEMENTS--GENERAL INFORMATION | |
| fixed length control field | 250721s1969 xx 000 0 ara d |
| 082 14 - DEWEY DECIMAL CLASSIFICATION NUMBER | |
| Classification number | 615.852/أمي |
| 100 1# - MAIN ENTRY--PERSONAL NAME | |
| Personal name | رويحة، أمين |
| 245 10 - TITLE STATEMENT | |
| Title | التداوي بالإيحاء الروحي / |
| 264 1# - PRODUCTION, PUBLICATION, DISTRIBUTION, MANUFACTURE, AND COPYRIGHT NOTICE | |
| Place of production, publication, distribution, manufacture | بيروت : |
| Name of producer, publisher, distributor, manufacturer | دار الأندلس، |
| Date of production, publication, distribution, manufacture, or copyright notice | 1969. |
| 300 ## - PHYSICAL DESCRIPTION | |
| Extent | 245ص : مص |
| 500 ## - GENERAL NOTE | |
| General note | يشتمل على أهم ما أقره الطب الحديث للتداوي بالإيحاء النفسي ، التنويم المغناطيسي ، اليوغا و في آخر الكتاب ملحق عن (الربو) أسبابه و علاجه |
| 650 17 - SUBJECT ADDED ENTRY--TOPICAL TERM | |
| Topical term or geographic name as entry element | العلاج بالإيحاء |
| 942 ## - ADDED ENTRY ELEMENTS (KOHA) | |
| Source of classification or shelving scheme | Dewey Decimal Classification |
| Koha item type | كتب |
| حالة السحب | حالة الفقدان | مصدر التصنيف | حالة التلف | غير قابل للإعارة | المكتبة الرئيسية | المكتبة الحالية | موقع الرف | تاريخ التزويد | الرقم المتسلسل | Total Checkouts | رقم الإستدعاء | تاريخ آخر ظهور | تاريخ الفاتورة | نوع المادة (كوها) | الباركود |
|---|---|---|---|---|---|---|---|---|---|---|---|---|---|---|---|
| Dewey Decimal Classification | Unchecked | مكتبة أم قصير والمقابلين العامة | مكتبة أم قصير والمقابلين العامة | الإعارة | 06/07/2004 | 4765 | 615.852/أمي | 28/07/2025 | 06/07/2004 | كتب | |||||
| Dewey Decimal Classification | Unchecked | مكتبة الحسن العامة | مكتبة الحسن العامة | الإعارة | 06/07/2004 | 4749 | 615.852/أمي | 28/07/2025 | 06/07/2004 | كتب | |||||
| Dewey Decimal Classification | مكتبة الراية الهاشمية للأطفال | مكتبة الراية الهاشمية للأطفال | الأطفال | 15/09/2015 | 1466267 | 615.852/أمي | 28/07/2025 | 15/09/2015 | كتب | PLD00347261 | |||||
| Dewey Decimal Classification | مكتبة صويلح العامة | مكتبة صويلح العامة | الإعارة | 11/06/2019 | {3109} | 615.852/أمي | 28/07/2025 | 11/06/2019 | كتب | PLD00453823 | |||||
| Dewey Decimal Classification | مكتبة وادي السير العامة | مكتبة وادي السير العامة | الإعارة | 18/04/2016 | [2000]. | 615.852/أمي | 28/07/2025 | 18/04/2016 | كتب | DUP-01_PLD00386960 |